000 00797nam a2200253 a 4500
003 OSt
005 20240530073925.0
007 ta
008 210308b 2020 dr f 00| 0 eng d
020 _a9789945220629
040 _aDO-SdBNP
_bspa
_cBNPHU
082 4 _aRD863.44
_bB891v, 2020
_222
100 1 _aBrugal Kunhardt, Manuel,
_d1946-
_973621
245 1 3 _aLo que vieron las casas victorianas /
_cManuel Brugal Kunhardt.
250 _a3a. ed. corregida
260 _aSanto Domingo :
_bBuho,
_c2020.
300 _a249 p. ;
_c23 cm.
500 _aIncluye datos biográficos del autor en la solapa de la cubierta.
590 _aInventariado, 2021 /LP
650 0 _aNovela dominicana
_9223
650 0 _aLiteratura dominicana.
_967
910 _aValidado. Control de calidad MFF
942 _2ddc
_cLBS1
999 _c49511
_d49511